Divadlo : Prostor & akce /

Na minha lista:
Detalhes bibliográficos
Main Authors: Stýblo, Zbyšek (Author), Soukenka, Vladimír (Author)
Outros Autores: Vávra, David (Reviewer), Caban, Šimon (Reviewer)
Formato: Livro
Idioma:tcheco
Publicado em: Praha : ČVUT v Prahe / Česká technika - nakladatelství ČVUT, 2022
Edição:1. vydanie
Assuntos:
Tags: Adicionar Tag
Sem tags, seja o primeiro a adicionar uma tag!

MARC

LEADER 00000nam a22000003a 4500
001 0100190
003 SK-STU
005 20230123112319.0
007 ta
008 230123s ----xo-----e------000-0-----d
020 |a 978-80-01-06926-4 
040 |a STU  |b slo 
041 0 |a cze 
044 |a xr 
100 1 |a Stýblo, Zbyšek  |4 aut 
245 1 0 |a Divadlo :   |b Prostor & akce /  |c aut. Zbyšek Stýblo, Vladimír Soukenka ; rec. David Vávra, Šimon Caban 
250 |a 1. vydanie 
260 |a Praha :  |b ČVUT v Prahe / Česká technika - nakladatelství ČVUT,   |c 2022 
300 |a 652 s. 
650 0 7 |a dejiny divadla 
650 0 7 |a divadlo 
650 0 7 |a architektonický priestor 
650 0 7 |a scénografia 
650 0 7 |a typológia budov 
650 0 7 |a občianske budovy 
700 1 |a Soukenka, Vladimír  |4 aut 
700 1 |a Vávra, David  |4 rev 
700 1 |a Caban, Šimon  |4 rev 
996 |b 284AU09482  |c A* 12837/U  |l AAKNST  |s P  |a 0  |w 0100190_0001 
996 |b 284AU09938  |c A* 13306/U  |l AAKNAR  |s A  |a 24  |w 0100190_0002 
996 |b 284AU09939  |c A* 13307/U  |l AAKNAR  |s A  |a 24  |w 0100190_0003 
996 |b 284AU09940  |c A* 13308/U  |l AAKNAR  |s A  |a 24  |w 0100190_0004 
996 |b 284AU09941  |c A* 13309/U  |l AAKNAR  |s A  |a 24  |w 0100190_0005